LEADER 04523nam 2200529 450 001 9910484002203321 005 20230412164549.0 010 $a981-16-2043-1 024 7 $a10.1007/978-981-16-2043-0 035 $a(CKB)5590000000486819 035 $a(DE-He213)978-981-16-2043-0 035 $a(MiAaPQ)EBC6641060 035 $a(Au-PeEL)EBL6641060 035 $a(OCoLC)1256805002 035 $a(PPN)269152458 035 $a(EXLCZ)995590000000486819 100 $a20220205d2021 uy 0 101 0 $aeng 135 $aurnn#008mamaa 181 $ctxt$2rdacontent 182 $cc$2rdamedia 183 $acr$2rdacarrier 200 10$aClinical atlas of 3D printing bone reconstruction /$fHyun-Guy Kang 205 $a1st ed. 2021. 210 1$aSingapore :$cSpringer,$d[2021] 210 4$d©2021 215 $a1 online resource (XV, 442 p. 495 illus., 353 illus. in color.) 311 $a981-16-2042-3 327 $aPart 1 Pelvis -- 1 Patient Case 1 Unique iliac plate and combined with total hip arthroplasty -- 2 Patient Case 2 Unique acetabulum for easy assembly of total hip cup -- 3 Patient Case 3 Mesh-style body without ischium -- 4 Patient Case 4 Omitting pubis and ischium -- 5 Patient Case 5 Iliac wing -- 6 Patient Case 6 Iliac spacer with cavitary resection -- 7 Patient Case 7 Acetabular subchondral block -- 8 Patient Case 8 Iliac acetabular block and plate -- 9 Patient Case 9 Allograft bone shaping guide -- 10 Patient Case 10 Pubis preventing genital deformity and hernia -- 11 Patient Case 11 Pubis with acetabular preservation -- 12 Patient Case 12 Acetabular reinforcement cage -- 13 Patient Case 13 Revision ? failed allograft bone reconstruction. 14 Patient Case 14 Revision ? failed total hip arthroplasty -- 15 Patient Case 15 Revision ? complicated Saddle prosthesis -- Part 2 Femur -- 16 Patient Case 16 Allograft bone shaping guide in the cortical resection -- 17 Patient Case 17 Plate with reinforcement ridge -- 18 Patient Case 18 Posterior intercondylar Y plate -- 19 Patient Case 19 Segmental distal femur combined with IM nail -- 20 Patient Case 20 Cortical mesh covering IM nail and cement -- 21 Patient Case 21 Deformity correction ? Open wedge spacer and supporting plate -- 22 Patient Case 22 Segmental femur and Implant-Bone connector -- Part 3 Tibia -- 23 Patient Case 23 Targeting guide for small lesion -- 24 Patient Case 24 Segmental tibia diaphysis -- 25 Patient Case 25 Proximal tibia for knee joint preserving -- 26 Patient Case 26 Tibia assembled with knee artificial joint surface -- Part 4 Calcaneus -- 27 Patient Case 27 Calcaneus considering possible factors -- Part 5 Scapula -- 28 Patient Case 28 Scapula combined with revere shoulder arthroplasty -- 29 Patient Case 29 Scapula combined with glenoid of conventional shoulder system -- Part 6 Humerus -- 30 Patient Case 30 Distal humerus for assembly with tumor prosthesis -- 31 Patient Case 31 Partial elbow joint -- Part 7 Radius and Ulna -- 32 Patient Case 32 Radius & Ulna and Implant-Bone connector -- Part 8 High grade Bone Sarcoma -- 33 Patient Case 33 Disseminated metastases after 3D printing pelvic reconstruction -- Part 9 Perioperative Times -- 34 Preparations and postoperative cares of 3D printing bone reconstruction. 330 $aThis book provides practitioners with comprehensive guidance on the application of 3D printing technology in the bone reconstruction. The 3D printed implants need to be able to maximize function and minimize complications by reinforcing strength and changing shape beyond anatomically identical design. Many of the clinical cases in this book, including pre-operative images, surgical planning, design and fabrication, 3D printing implants and guides, surgery and postoperative images, will suffice to capture the sensation of the 3D printing bone reconstruction. This book is composed of photos with minimum descriptions so that the readers can develop their imaginative view. 606 $aThree-dimensional printing 606 $aImpressió 3D$2thub 606 $aTraumatologia$2thub 608 $aAtles anatòmics$2thub 608 $aLlibres electrònics$2thub 615 0$aThree-dimensional printing. 615 7$aImpressió 3D 615 7$aTraumatologia 676 $a621.988 700 $aKang$b Hyun-Guy$0948215 801 0$bMiAaPQ 801 1$bMiAaPQ 801 2$bMiAaPQ 906 $aBOOK 912 $a9910484002203321 996 $aClinical Atlas of 3D Printing Bone Reconstruction$92143260 997 $aUNINA LEADER 02233oam 2200649M 450 001 9910716180403321 005 20200213070906.6 035 $a(CKB)5470000002518308 035 $a(OCoLC)1065597166 035 $a(OCoLC)995470000002518308 035 $a(EXLCZ)995470000002518308 100 $a20071213d1926 ua 0 101 0 $aeng 135 $aurcn||||||||| 181 $ctxt$2rdacontent 182 $cc$2rdamedia 183 $acr$2rdacarrier 200 10$aForeign-trade zones in ports of the United States. March 20 (calendar day, March 22), 1926. -- Ordered to be printed 210 1$a[Washington, D.C.] :$c[U.S. Government Printing Office],$d1926. 215 $a1 online resource (62 pages) $ctables 225 1 $aSenate report / 69th Congress, 1st session. Senate ;$vno. 437 225 1 $a[United States congressional serial set ] ;$v[serial no. 8524] 300 $aBatch processed record: Metadata reviewed, not verified. Some fields updated by batch processes. 300 $aFDLP item number not assigned. 517 $aForeign-trade zones in ports of the United States. March 20 606 $aBonded warehouses and goods 606 $aCustoms administration 606 $aBonds 606 $aDrawbacks 606 $aExports 606 $aForeign trade promotion 606 $aForeign trade and employment 606 $aFree ports and zones 606 $aPorts of entry 606 $aTariff 608 $aLegislative materials.$2lcgft 615 0$aBonded warehouses and goods. 615 0$aCustoms administration. 615 0$aBonds. 615 0$aDrawbacks. 615 0$aExports. 615 0$aForeign trade promotion. 615 0$aForeign trade and employment. 615 0$aFree ports and zones. 615 0$aPorts of entry. 615 0$aTariff. 701 $aJones$b Wesley Livsey$f1863-1932$pRepublican (WA)$01389549 801 0$bWYU 801 1$bWYU 801 2$bOCLCO 801 2$bOCLCQ 801 2$bOCLCO 801 2$bOCLCQ 906 $aBOOK 912 $a9910716180403321 996 $aForeign-trade zones in ports of the United States. March 20 (calendar day, March 22), 1926. -- Ordered to be printed$93502395 997 $aUNINA